| 000 | 00848nam a22001697a 4500 | ||
|---|---|---|---|
| 005 | 20260122192644.0 | ||
| 008 | 230712b ||||| |||| 00| 0 eng d | ||
| 040 |
_cSSBUL _dSSBUL |
||
| 082 |
_223 _a၉၅၉.၁ တော် ၁၆၁၂၄(၁) (S-SAT) |
||
| 245 | _aတော်လှန်ရေးကောင်စီ၏ခံယူချက်နှင့် တိုင်းရင်းသားလူမျိုးများ၏... / | ||
| 260 |
_aရန်ကုန်၊ _bထုတ်ဝေသူမပါ၊ _c၁၉--။ |
||
| 300 |
_a၇၀ စာမျက်နှာ၊ _c၂၂ စင်တီ။ |
||
| 500 | _aS-SAT: Dr. Prof Sai Aung Tun | ||
| 650 |
_aတော်လှန်ရေးကောင်စီ။ _927830 |
||
| 651 |
_aမြန်မာနိုင်ငံ _xသမိုင်း။ _96190 |
||
| 942 |
_2ddc _cBK1 |
||
| 999 |
_c27083 _d27083 |
||